Toutes les attaques de Ténéfix - Statistiques

Statistiques générales
  • Ce quiz a été pris 2 fois
  • Le résultat moyen est 61 sur 137
Statistiques - réponses
Type de quiz Puissance Attaque % Correct
Normal 40 Griffe
100%
Acier 50 Griffe Acier
100%
Psy 90 Psyko
100%
Ténèbres 55 Aboiement
50%
Normal STATUT Abri
50%
Vol 60 Aéropique
50%
Ténèbres STATUT Aiguisage
50%
Ténèbres STATUT A La Queue
50%
Normal STATUT Attraction
50%
Combat ? Balayage
50%
Combat 65 Balayette
50%
Spectre 80 Ball'Ombre
50%
Normal 90 Bélier
50%
Normal STATUT Blabla Dodo
50%
Normal 40 Bluff
50%
Normal STATUT Boost
50%
Sol 55 Boue-Bombe
50%
Electrik STATUT Cage-Eclair
50%
Feu 60 Calcination
50%
Combat 75 Casse-Brique
50%
Ténèbres 75 Cent Rancunes
50%
Normal 60 Chant Canon
50%
Normal STATUT Chatouille
50%
Normal STATUT Clonage
50%
Normal 18+ Combo-Griffe
50%
Normal STATUT Confidence
50%
Normal STATUT Copie
50%
Sol 20 Coud'Boue
50%
Ténèbres 70 Coup Bas
50%
Normal 70 Coup d'Boule
50%
Normal STATUT Coup d'Main
50%
Normal 50 Coupe
50%
Normal 120 Damoclès
50%
Eau STATUT Danse Pluie
50%
Ténèbres ? Dégommage
50%
Spectre STATUT Dépit
50%
Combat STATUT Détection
50%
Psy 100 Dévorêve
50%
Poison 80 Direct Toxik
50%
Normal ? Don Naturel
50%
Combat 100 Dynamo-Poing
50%
Psy STATUT Echange
50%
Combat 40 Eclate-Roc
50%
Fée 80 Eclat Magique
50%
Plante 90 Eco-Sphère
50%
Ténèbres STATUT Embargo
50%
Normal STATUT Encore
50%
Normal STATUT Entrave
50%
Spectre 110 Esprit Frappeur
50%
Spectre 30 Etonnement
50%
Ténèbres 80 Exécu-Son
50%
Normal 70 Façade
50%
Ténèbres 60 Feinte
50%
Feu STATUT Feu Follet
50%
Normal STATUT Flash
50%
Ténèbres STATUT Flatterie
50%
Normal 70 Force Cachée
50%
Combat ? Frappe Atlas
50%
Normal ? Frustration
50%
Acier ? Fulmifer
50%
Normal 150 Giga Impact
50%
Plante 75 Giga-Sangsue
50%
Combat STATUT Gonflette
50%
Spectre 70 Griffe Ombre
50%
Normal STATUT Groz'Yeux
50%
Acier ? Gyroballe
50%
Spectre 90 Hantise
50%
Psy STATUT Imitation
50%
Psy STATUT Interversion
50%
Ténèbres 60 Larcin
50%
Ténèbres STATUT Machination
50%
Normal STATUT Métronome
50%
Combat 150 Mitra-Poing
50%
Psy STATUT Mur Lumière
50%
Spectre ? Ombre Nocturne
50%
Spectre 40 Ombre Portée
50%
Electrik 60 Onde de Choc
50%
Spectre STATUT Onde Folie
50%
Psy STATUT Plénitude
50%
Electrik 75 Poing Eclair
50%
Feu 75 Poing Feu
50%
Glace 75 Poing Glace
50%
Psy STATUT Protection
50%
Ténèbres STATUT Provoc
50%
Psy 80 Psykoud'Boul
50%
Normal 60 Puissance Cachée
50%
Ténèbres ? Punition
50%
Psy 65 Rafale Psy
50%
Insecte 70 Ravage Rampant
50%
Roche 80 Rayon Gemme
50%
Fée STATUT Rayon Lune
50%
Insecte 75 Rayon Signal
50%
Normal STATUT Reflet
50%
Psy STATUT Repos
50%
Ténèbres 50 Représailles
50%
Normal ? Retour
50%
Combat ? Riposte
50%
Normal 50 Ronflement
50%
Ruse 30 Ruse
50%
Ténèbres 65 Sabotage
50%
Ténèbres STATUT Saisie
50%
Normal STATUT Séduction
50%
Normal STATUT Soin
50%
Insecte 40 Taillade
50%
Psy STATUT Télékinésie
50%
Normal 80 Téra Explosion
50%
Roche 60 Tomberoche
50%
Ténèbres STATUT Tourmente
50%
Posion STATUT Toxik
50%
Ténèbres 95 Tricherie
50%
Sol 80 Tunnel
50%
Normal 80 Ultimapoing
50%
Normal 120 Ultimawashi
50%
Normal 150 Ultralaser
50%
Glace 55 Vent Glace
50%
Spectre 60 Vent Mauvais
50%
Eau 60 Vibraqua
50%
Ténèbres 80 Vibrobscur
50%
Feu STATUT Zénith
50%
Normal STATUT Balance
0%
Spectre STATUT Cauchemar
0%
Spectre 65 Châtiment
0%
Normal STATUT Clairevoyance
0%
Psy STATUT Gravité
0%
Eau 65 Octazooka
0%
Insecte 80 Plaie Croix
0%
Normal 90 Plaquage
0%
Combat 40 Poing Boost
0%
Psy STATUT Possessif
0%
Psy STATUT Reflet Magik
0%
Normal STATUT Regard Noir
0%
Normal STATUT Ténacité
0%
Psy STATUT Tour de Magie
0%
Combat 75 Vampipoing
0%
Normal STATUT Vantardse
0%
Normal 70 Vengeance
0%
Psy STATUT Zone Magique
0%
Aucun quiz correspondant
Distribution des résultats
% des personnes avec chaque résultat
Percentile par nombre de réponses
Votre historique - résultats
Vous n’avez pas pris ce quiz